00488nam a2200193 a 4500001001300000003000900013005001700022008004100039020001000080082001300090100002300103245003900126260003700165300000900202500003500211505001000246650001500256700002300271nice12345678IN_TiNIC20260116011732.0050524s1951 newa grp 000 0 eng  ac10000a915bDOU aDouglas, William O aStrange Lands and Friendly People. aNew York bHarper and Row c1951 a336p aincludes index and biblioraphy2 aIndex aTravelogue1 aDouglas, William O